Republiki radzieckie ZSRR - Statystyki

Ogólne statystyki
  • Ten quiz został rozwiązany 43 razy
  • Średni wynik to 10 z 20
Statystyki odpowiedzi
Powierzchnia km2 Republika radziecka % Poprawnych
603 700 Ukraińska Socjalistyczna Republika Radziecka
85%
2 727 300 Kazachska Socjalistyczna Republika Radziecka
82%
65 200 Litewska Socjalistyczna Republika Radziecka
82%
207 600 Białoruska Socjalistyczna Republika Radziecka
79%
45 226 Estońska Socjalistyczna Republika Radziecka
76%
447 400 Uzbecka Socjalistyczna Republika Radziecka
73%
29 800 Armeńska Socjalistyczna Republika Radziecka
67%
69 700 Gruzińska Socjalistyczna Republika Radziecka
67%
33 843 Mołdawska Socjalistyczna Republika Radziecka
67%
488 100 Turkmeńska Socjalistyczna Republika Radziecka
64%
198 500 Kirgiska SocjalistycznaRepublika Radziecka
58%
143 100 Tadżycka Socjalistyczna Republika Radziecka
55%
17 075 200 Rosyjska FederacyjnaSocjalistyczna Republika Radziecka
48%
86 600 Azerbejdżańska SocjalistycznaRepublika Radziecka
36%
64 589 Łotewska Socjalistyczna Republika Radziecka
21%
8 600 Abchaska Socjalistyczna Republika Radziecka
6%
172 400 Karelo-Fińska Socjalistyczna Republika Radziecka
6%
186 100 Zakaukaska FederacyjnaSocjalistyczna Republika Radziecka
6%
182 193 Bucharska LudowaRepublika Radziecka | Bucharska Socjalistyczna Republika Radziecka
0%
62 200 Chorezmijska LudowaRepublika Radziecka | Chorezmijska Socjalistyczna Republika Radziecka
0%
Nie znaleziono quizów pasujących do podanych kryteriów
Rozkład punktacji
Procent ludzi z każdym wynikiem
Percentyl według liczby udzielonych odpowiedzi
Twoja historia wyników
Nie rozwiązałeś tego quizu